Statistics for Top 10 Most-Educated U.S. States

Click here to take the quiz!

General Stats

  • This quiz has been taken 58,974 times
    (17,716 since last reset)
  • The average score is 8 of 10

Answer Stats

%State% Correct
40.0New York
96%
46.6Massachusetts
86%
44.2Vermont
81%
41.3New Hampshire
80%
39.6Rhode Island
80%
41.9Connecticut
79%
43.5New Jersey
76%
43.8Maryland
74%
42.2Virginia
71%
45.9Colorado
39%

Score Distribution

Percentile by Number Answered

Percent of People with Each Score

Your Score History

You have not taken this quiz since the last reset